Quick Pick: -RR Ending Words Quiz Stats

Quiz Updated Dec 18, 2017

Challenge
Share
Tweet
Score 0/9 Timer 01:00
0 Plays Today
% Correct
err
97.6%
purr
91.2%
whirr
89.5%
brrr
87.5%
burr
67.5%
shirr
60.7%
birr
52.2%
parr
45%
carr
25.2%

Today's Daily Dose

You're not logged in!

Compare scores with friends on all Sporcle quizzes.
Join for Free
OR
Log In

You Might Also Like...

Show Comments

Extras

Top Quizzes Today


Score Distribution

Your Account Isn't Verified!

In order to create a playlist on Sporcle, you need to verify the email address you used during registration. Go to your Sporcle Settings to finish the process.

Report this User

Report this user for behavior that violates our Community Guidelines.

Details: